Królowie rzymscy - Statystyki

Ogólne statystyki
  • Ten quiz został rozwiązany 52 razy
  • Średni wynik to 4 z 7
Statystyki odpowiedzi
Panowanie Podpowiedź Król % Poprawnych
753-717 p.n.e. (36 lat) Legendarny założyciel i pierwszy król Rzymu wraz ze swoim bratem Remusem Romulus
100%
534-509 p.n.e. (25 lat) Ostatni król Rzymu, został obalony i ustanowiono Republikę Rzymską Tarkwiniusz Pyszny
77%
617-579 p.n.e. (38 lat) Za jego panowania rozpoczęto budowę Circus Maximus oraz kanałów ściekowych Cloaca Maxima Tarkwiniusz Stary
65%
716-673 p.n.e. (43 lata) Za jego panowania Rzym był najbardziej spokojny i pokojowy Numa Pompiliusz
54%
579-534 p.n.e. (45 lat) Jako pierwszy zarządził ogólny spis ludności Rzymu i dokonał podziału społeczeństwa według klas majątkowych Serwiusz Tuliusz
50%
642-617 p.n.e. (25 lat) Poszerzał terytorium Rzymu w tym włączając do miasta wzgórza Awentyn i Janikulum Ankus Marcjusz
35%
673-642 p.n.e. (31 lat) Przeciwieństwo poprzednika, prowadził liczne bitwy i wojny w tym podbijając miasto Alba Longa Tullus Hostiliusz
31%
Nie znaleziono quizów pasujących do podanych kryteriów
Rozkład punktacji
Procent ludzi z każdym wynikiem
Percentyl według liczby udzielonych odpowiedzi
Twoja historia wyników
Nie rozwiązałeś tego quizu